00792nam a2200181 a 450000100100000000500170001000800410002704000250006808200160009310000320010924501650014126000330030650000730033970000270041270000400043995201140047999900170059300003514720200930074132.0111025s1917 sp 000 0 spa d aDO-SdBNPbspacBNPHU axxxxbL953g1 aGarcía Conde, Luis96085313aEl gaitero de la aldea :bcomedia lírica en un acto y tres cuadros, en prosa y verso : /cLuís García Conde, Arturo Briones ; música Teodoro Valdovinos. aMadrid :bR. Velasco,c1917. aEstrenada en el Teatro Parque de El Paraíso el 2 de agosto de 191712aBriones, Arturo96085412aValdovinos, Teodoro,emús.960855 001050718MOaGRbGRcCTd2011-10-25iLF1l0oxxxx L953gp35147-10r2020-06-25w2020-06-25y1ZNo se presta c34638d34638